000 00632nam a2200181Ia 4500
008 090123s9999 xx 000 0 und d
082 _b2013
_a891.463/आपटे
100 _aआपटे हरी नारायण
245 _aकेवळ स्वराज्यासाठी
250 _a4
260 _bआर्यभूषण
300 _a371
600 _aआपटे हरी नारायण
630 _aकेवळ स्वराज्यासाठी
700 _aआपटे हरी नारायण
730 _aकेवळ स्वराज्यासाठी
942 _cBOOK
999 _c40094
_d40094